Evangelical Baptist Convention Imphal division souvenir 2023 / (Record no. 10058)

MARC details
000 -LEADER
fixed length control field 00422nam a22001457a 4500
003 - CONTROL NUMBER IDENTIFIER
control field GBCCL
005 - DATE AND TIME OF LATEST TRANSACTION
control field 20241126110724.0
008 - FIXED-LENGTH DATA ELEMENTS--GENERAL INFORMATION
fixed length control field 240219b ||||| |||| 00| 0 eng d
040 ## - CATALOGING SOURCE
Transcribing agency GBC
082 ## - DEWEY DECIMAL CLASSIFICATION NUMBER
Classification number SOU EBC
Item number 2023
245 ## - TITLE STATEMENT
Title Evangelical Baptist Convention Imphal division souvenir 2023 /
Statement of responsibility, etc. chief editor, M Khamkhanchin
260 ## - PUBLICATION, DISTRIBUTION, ETC.
Place of publication, distribution, etc. New Lamka :
Name of publisher, distributor, etc. EBC Imphal division,
Date of publication, distribution, etc. 2023
300 ## - PHYSICAL DESCRIPTION
Extent 246p. ;
942 ## - ADDED ENTRY ELEMENTS (KOHA)
Source of classification or shelving scheme Dewey Decimal Classification
Koha item type Archives
Holdings
Withdrawn status Lost status Source of classification or shelving scheme Damaged status Not for loan Home library Current Library Shelving location Date acquired Total checkouts Full call number Barcode Date last seen Copy number Price effective from Koha item type
    Dewey Decimal Classification     GRACE BIBLE COLLEGE GRACE BIBLE COLLEGE Archives 2024-02-19   SOU EBC 2023 250276 2025-05-01 c.1 2024-02-19 Archives
© Grace Bible College Library 2025